Comprehensive History of Assam : (Record no. 4813)

MARC details
000 -LEADER
fixed length control field 00471cam a2200181ua 4500
001 - CONTROL NUMBER
control field 5658
005 - DATE AND TIME OF LATEST TRANSACTION
control field 20260515113922.0
008 - FIXED-LENGTH DATA ELEMENTS--GENERAL INFORMATION
fixed length control field 131007n ii |||gr||||Z||||||eng
040 ## - CATALOGING SOURCE
Transcribing agency MAIN
082 ## - DEWEY DECIMAL CLASSIFICATION NUMBER
Classification number 954.162
245 ## - TITLE STATEMENT
Title Comprehensive History of Assam :
Remainder of title Vol i /
260 ## - PUBLICATION, DISTRIBUTION, ETC.
Place of publication, distribution, etc. Guwahati:
Name of publisher, distributor, etc. Publication Board Assam,
Date of publication, distribution, etc. 1990.
300 ## - PHYSICAL DESCRIPTION
Extent xxi,507p.
653 ## - INDEX TERM--UNCONTROLLED
Uncontrolled term History
653 ## - INDEX TERM--UNCONTROLLED
Uncontrolled term Comprehensive History of Assam
700 ## - ADDED ENTRY--PERSONAL NAME
Personal name Barpuzari,H.K.,
Relator term Editor.
942 ## - ADDED ENTRY ELEMENTS (KOHA)
Koha item type Books
Holdings
Withdrawn status Lost status Damaged status Not for loan Home library Current library Shelving location Date acquired Total checkouts Full call number Barcode Date last seen Copy number Price effective from Koha item type
        Naharkatiya College Library Naharkatiya College Library General stacks 09/19/2020   954.162 | COM 8867 09/19/2020 1 09/19/2020 Books